000 00345nam a22001457a 4500
003 SGT
082 _a615.532
_bS00B
100 _aBOGER, C.M
245 _aA SYNOPTIE KEY OF THE MATERIA MEDICA
260 _aCALCUTTA
_bA.B. PUBLICATION
300 _a460
650 _aAYURVEDA
653 _aSYNOPTIE, KEY , MATERIA , MEDICA
942 _2ddc
_cRARE
999 _c33662
_d33662